000 00453nam a2200181Ia 4500
001 22587
005 20260414150841.0
008 260414t2013||||xx |||||||||||||| ||spa||
041 _aESP
082 _a621.382
_bV76
100 _aVitetta, Giorgio M.
_eAUT
245 0 _aWireless communications :
_balgorithmic techniques
260 _c2013
300 _axix, 724 páginas :
_c25 cm.
650 _aTCA
654 _aCET
942 _cLIB
_dJUS
_fJUS
_2ddc
_n
999 _c22587
_d22587